Transformers Devastation - Statistics

General Stats
  • This quiz has been taken 70 times
  • The average score is 11 of 19
Answer Stats
Hint Answer % Correct
Dino is leader of dinobots Grimlock
92%
Leader autobot Optimus prime
84%
Aerial bots merged Superion
79%
Devastation Devastator
76%
Optimus prime(DLC) Nemesis prime
76%
Autobot`s true member Bumblebee
74%
Inventive autobot engineer Wheeljack
74%
1 of first seekers Thundercracker
71%
Stunticon merger Menasour
68%
1 of first seekers Skywarp
68%
Bumblebee (DLC) Goldfire
66%
Protectobots merged Defensor
61%
Skilled warrior autobot Sideswipe
45%
Constructicon Mixmaster
34%
Constructicon Scavenger
34%
Worker Red Alert
21%
Constructicon Scrapper
21%
Constructicon Bonecrusher
13%
Constructicon Hook
8%
No matching quizzes found
Score Distribution
Percent of People with Each Score
Percentile by Number Answered
Your Score History
You have not taken this quiz